Stadien von oben - Statistiken

Allgemein
  • Dieses Quiz wurde 142 mal gespielt
  • Das Durchschnittsergebnis liegt bei 9 aus 16
Antwortstatistiken
Bildquiz Antwort % Korrekt
Olympiastadion
83%
San Siro
82%
Estadio Santiago Bernabéu
79%
Weserstadion
79%
Camp Nou
77%
Veltins Arena
74%
Old Trafford
72%
Volksparkstadion
67%
RheinEnergieSTADION
55%
Anfield Road
49%
Stadio Diego Armando Maradona
33%
Stade Vélodrome
32%
Estádio da Luz
26%
Johan-Cruyff-Arena
25%
Merck-Stadion am Böllenfalltor
21%
Tottenham Hotspur Stadium
20%
Keine übereinstimmenden Quizze gefunden
Verteilung der Resultate
Anzahl Personen mit jedem Resultat
Perzentil nach korrekt beantworteten Fragen
Ihre Resultats-Entwicklung
Sie haben dieses Quiz noch nicht gespielt